The National sports review. (Record no. 1879)
[ view plain ]
| 000 -LEADER | |
|---|---|
| fixed length control field | 01315cas a2200409 a 4500 |
| 001 - CONTROL NUMBER | |
| control field | data |
| 005 - DATE AND TIME OF LATEST TRANSACTION | |
| control field | 20260322212122.0 |
| 008 - FIXED-LENGTH DATA ELEMENTS--GENERAL INFORMATION | |
| fixed length control field | data |
| 010 ## - LIBRARY OF CONGRESS CONTROL NUMBER | |
| LC control number | sf 91092960 |
| Canceled/invalid LC control number | sn 90005855 |
| 022 0# - INTERNATIONAL STANDARD SERIAL NUMBER | |
| International Standard Serial Number | 1054-2205 |
| Source | 1 |
| 023 0# - CLUSTER ISSN | |
| Cluster ISSN | 1054-2205 |
| Source | 1 |
| 035 ## - SYSTEM CONTROL NUMBER | |
| System control number | (OCoLC)22185106 |
| 037 ## - SOURCE OF ACQUISITION | |
| Source of stock number/acquisition | Preview Publishing, P.O. Box 19200, Seattle, WA 96109 |
| 040 ## - CATALOGING SOURCE | |
| Original cataloging agency | DLC |
| Language of cataloging | eng |
| Transcribing agency | OLY |
| Modifying agency | OCLCQ |
| -- | DLC |
| -- | OCLCQ |
| -- | OCLCF |
| -- | OCLCO |
| -- | OCLCL |
| -- | OCLCQ |
| 042 ## - AUTHENTICATION CODE | |
| Authentication code | pcc |
| -- | pcc |
| 050 00 - LIBRARY OF CONGRESS CALL NUMBER | |
| Classification number | WMLC 91/737 |
| 082 10 - DEWEY DECIMAL CLASSIFICATION NUMBER | |
| Classification number | 796 |
| Edition information | 12 |
| Real World Object URI | https://id.oclc.org/worldcat/ddc/E3w4dtb4Td4RCmFt6Dq7mG9xX3 |
| 210 0# - ABBREVIATED TITLE | |
| Abbreviated title | Natl. sports rev. |
| 222 #4 - KEY TITLE | |
| Key title | The National sports review |
| 245 04 - TITLE STATEMENT | |
| Title | The National sports review. |
| 260 ## - PUBLICATION, DISTRIBUTION, ETC. | |
| Place of publication, distribution, etc. | Seattle, WA : |
| Name of publisher, distributor, etc. | Preview Pub. |
| 300 ## - PHYSICAL DESCRIPTION | |
| Extent | v : |
| Other physical details | ill. (some col.) ; |
| Dimensions | 32 cm. |
| 310 ## - CURRENT PUBLICATION FREQUENCY | |
| Current publication frequency | Annual |
| 362 1# - DATES OF PUBLICATION AND/OR SEQUENTIAL DESIGNATION | |
| Dates of publication and/or sequential designation | Began in 1986. |
| 588 ## - SOURCE OF DESCRIPTION NOTE | |
| Source of description note | Description based on: Vol. 5, copyright 1990; title from cover. |
| 590 ## - LOCAL NOTE (RLIN) | |
| Local note | SERBIB/SERLOC merged record |
| 650 #0 - SUBJECT ADDED ENTRY--TOPICAL TERM | |
| Topical term or geographic name entry element | Sports. |
| 650 #0 - SUBJECT ADDED ENTRY--TOPICAL TERM | |
| Topical term or geographic name entry element | Sports |
| Form subdivision | Periodicals. |
| 650 #7 - SUBJECT ADDED ENTRY--TOPICAL TERM | |
| Topical term or geographic name entry element | Sports. |
| Source of heading or term | fast |
| Authority record control number or standard number | (OCoLC)fst01130432 |
| 655 #7 - INDEX TERM--GENRE/FORM | |
| Genre/form data or focus term | Periodicals. |
| Source of term | fast |
| Authority record control number or standard number | (OCoLC)fst01411641 |
| 890 ## - | |
| -- | National sports review. |
| -- | sf91-92960 |
| 906 ## - LOCAL DATA ELEMENT F, LDF (RLIN) | |
| a | 7 |
| b | cbc |
| c | serials |
| d | u |
| e | ncip |
| f | 19 |
| g | n-oclcserc |
| 920 ## - | |
| -- | Keep 1 |
| 991 ## - | |
| -- | c-Ser |
| -- | WMLC 91/737 |
| -- | SERIALS |
| 992 ## - | |
| -- | SER |
| -- | SERLOC |
| Withdrawn status | Lost status | Damaged status | Not for loan | Home library | Current library | Shelving location | Date acquired | Total checkouts | Full call number | Barcode | Date last seen | Price effective from | Koha item type |
|---|---|---|---|---|---|---|---|---|---|---|---|---|---|
| Troy | Troy | General stacks | 22/03/2026 | 796 | LOC-TPL-00011 | 22/03/2026 | 22/03/2026 | Books |